| 000 | 00400nam a2200145Ia 4500 | ||
|---|---|---|---|
| 008 | 211109s9999||||xx |||||||||||||| ||und|| | ||
| 082 |
_a920 _bJOH-J |
||
| 100 | _aJohn, Brown | ||
| 245 | 0 | _aJohn Bennyan His Life Times and Work Volo-Vol 2 | |
| 260 |
_bSir Issac Pitman & Sons _aLondon _c1918 |
||
| 300 | _a246p | ||
| 630 | _xGeneral Stack | ||
| 650 |
_aBiography _xBiography- Autobiographyh |
||
| 942 | _cBOOK | ||
| 999 |
_c27 _d27 |
||